Score 0/25 Timer 05:00
0 Plays Today
% Correct
101 Dalmatians
92.6%
Meet the Parents
91.9%
Harry Potter and the Chamber of Secrets
88.6%
The Lord of the Rings: The Fellowship of the Ring
78.7%
Austin Powers: International Man of Mystery
78%
The Nightmare Before Christmas
77.1%
Rocky IV
63.9%
The Hunt for Red October
58.1%
Dumb and Dumber
57.9%
Thor
57.7%
Finding Neverland
55.4%
The Peanuts Movie
53.6%
The Karate Kid
51.6%
% Correct
Jurassic Park
48.7%
Rogue One: A Star Wars Story
42.9%
Cape Fear
40.6%
Clueless
39.9%
Spaceballs
39.2%
Deadpool
39.1%
Wayne's World
35.4%
Remember the Titans
34.8%
Mean Girls
30.7%
Revenge of the Nerds
30.6%
Who Framed Roger Rabbit
28.2%
Hocus Pocus
25.2%
Remove Ads.
Support Sporcle.
Get the best of Sporcle when you Go Orange. This ad-free experience offers more features, more stats, and more fun while also helping to support Sporcle. Thank you for becoming a member.

You're not logged in!

Compare scores with friends on all Sporcle quizzes.
OR
Log In

Show Comments

Extras

Top Quizzes Today


Score Distribution

Your Account Isn't Verified!

In order to create a playlist on Sporcle, you need to verify the email address you used during registration. Go to your Sporcle Settings to finish the process.

Report this User

Report this user for behavior that violates our Community Guidelines.

Details: